000 00249nam a2200109Ia 4500
100 _a#N/A
942 _cBK
654 _acauses of stress
245 _aManaging Executives Managing executives Stress
260 _b#N/A
546 _aENGLISH
999 _c33498
_d33498